Trasa Linii 215 (MPK KRAKÓW) - Statystyki

Ogólne statystyki
  • Ten quiz został rozwiązany 6 razy
  • Średni wynik to 11 z 30
Statystyki odpowiedzi
Lp. Ulica Przystanek % Poprawnych
1. Sielska Borek Fałęcki
100%
2. (NŻ) Zakopiańska Góra Borkowska
100%
3. Zakopiańska Judyma
100%
4. Kąpielowa Kąpielowa
100%
6. Kąpielowa Park Zdrojowy
100%
5. (NŻ) Kąpielowa Wilga
100%
10. Myślenicka Sawiczewskich
67%
8. ↓ Szybisko Swoszowice Poczta
67%
9. ↑ Myślenicka Swoszowice Szkoła
67%
13. (NŻ) Krzyżańskiego Ukraina
67%
12. Krzyżańskiego Myślenicka Wróblowice
67%
11. Myślenicka Wróblowice Szkoła
67%
14. Krzyżańskiego Zbydniowice
67%
7. ChałubńskiegoKąpielowa Merkiusza Polskiego
0%
29. Rzeszotary ul. PanciawaRzeszotary ul. Galicyjska Rzeszotary Panciawa
0%
30. Rzeszotary ul. Panciawa Rzeszotary Panciawa Pętla
0%
28. (NŻ) Rzeszotary ul. Galicyjska Rzeszotary Zalesie
0%
25. Świątniki Górne ul. Bielowicza Świątniki Górne Bielowicza Szkoła
0%
24. Świątniki Górne ul. BielowiczaŚwiątniki Górne ul. Bruchnalskiego Świątniki Górne Centrum
0%
22. (NŻ) Świątniki Górne ul. Krakowska Świątniki Górne Krakowska
0%
27. (NŻ) Świątniki Górne ul. Piasna Górka Świątniki Górne Piasna Górka
0%
26. (NŻ) Świątniki Górne ul. Bielowicza Świątniki Górne Skrzyżowanie
0%
23. Świątniki Górne ul. Bruchnalskiego Świątniki Górne Urząd Miasta i Gminy
0%
20. (NŻ) Wrząsowice ul. Zielona Wrząsowice Bonifraterska
0%
17. Wrząsowice ul. Wrzosowa Wrząsowice Centrum
0%
19. (NŻ) Wrząsowice ul. Pileckiego Wrząsowice Kowaleca
0%
18. (NŻ) Wrząsowice ul. Pileckiego Wrząsowice Pileckiego
0%
15. (NŻ) Wrząsowice ul. Wrzosowa Wrząsowice Spacerowa
0%
16. (NŻ) Wrząsowice ul. Wrzosowa Wrząsowice Wrzosowa
0%
21. Konary ul. Zielona Wrząsowice Zielona
0%
Nie znaleziono quizów pasujących do podanych kryteriów
Rozkład punktacji
Procent ludzi z każdym wynikiem
Percentyl według liczby udzielonych odpowiedzi
Twoja historia wyników
Nie rozwiązałeś tego quizu